TUNKU : Kelana Penuh Cinta /

Bibliographic Details
Main Author: Kobkua Suwannathat-Pian, 1944- (Author)
Other Authors: Mardiyyah Abadan
Format: Book
Language:Malay
Published: Kuala Lumpur IBDE Ilham Sdn. Bhd. 2022
Subjects:
LEADER 00996cam a2200325 7i4500
001 0000071345
005 20240620090000.0
008 240620t2022 my # e # 1 may#d
020 # # |a 9789672672302  
040 # # |a BK 
041 0 # |a may 
082 0 # |a 959.5051092 
090 0 # |a 959.5051092   |b KOB 
100 0 # |a Kobkua Suwannathat-Pian,   |d  1944-   |e author 
245 1 0 |a TUNKU :   |b Kelana Penuh Cinta /   |c Kobkua Suwannathat-Pian. 
264 # 4 |c ♭2022 
264 # 1 |a Kuala Lumpur  |b IBDE Ilham Sdn. Bhd.  |c 2022 
300 # # |a xii, 395 pages;   |c 24cm. 
336 # # |a text  |2 rdacontent 
337 # # |a unmediated  |2 rdamedia 
338 # # |a volume  |2 rdacarrier 
504 # # |a Includes bibliographical references 
599 # # |a LULUS 
650 2 0 |a Prime ministers --   |z Malaysia  
650 1 0 |a Abdul Rahman,  
651 # 0 |a Malaysia --   |x Politics and government --   |y 20th century  
700 0 # |a Mardiyyah Abadan  
997 # # |a BK 
998 # # |a 1000074749 
999 |a 1000074749  |b BOOK  |c Main Non-Fiction  |e INTAN Bukit Kiara